00483nam a2200193 a 4500001001300000003000900013005001700022008004100039020000800080082001500088100001700103245004000120260003600160300000800196500003500204505002200239650001100261700001700272nice12345678IN_TiNIC20260116011412.0050524s1925 caia grp 000 0 eng  ac000a297.4bSWA aSwan, George aOutline for the Study of Dervishism aCairobNile Mission Pressc1925 a38p aincludes index and biblioraphy2 aAppendix, Indices aSufism1 aSwan, George